[Event "Fajr op 16th"]
[Site "Urmia"]
[Date "2008.02.07"]
[Round "8"]
[White "Sadeghi, Mohamed Ali"]
[Black "Darban Vaighani, Morteza"]
[Result "0-1"]
[WhiteElo "2209"]
[BlackElo "2401"]
[PlyCount "40"]
[EventDate "2008.02.03"]
[EventType "swiss"]
[EventRounds "11"]
[EventCountry "IRI"]
[SourceTitle "CBM 122 Extra"]
[Source "ChessBase"]
[SourceDate "2008.03.04"]
[SourceVersion "1"]
[SourceVersionDate "2008.03.04"]
[SourceQuality "1"]

1. e4 Nf6 2. e5 Nd5 3. c4 Nb6 4. c5 Nd5 5. Bc4 e6 6. Nc3 Nxc3 7. dxc3 Nc6 8. Bf4 Bxc5 9. Qg4 Bf8 10. Nf3 d5 11. Bd3 h6 12. h4 Bd7 13. 0-0 Qe7 14. b4 0-0-0 15. a4 f5 16. Qg3 Qf7 17. Rfb1 Be7 18. a5 g5 19. hxg5 hxg5 20. Nxg5 Qh5 0-1

[Event "Fajr op 14th"]
[Site "Tehran"]
[Date "2006.01.29"]
[Round "7"]
[White "Rafiei, A."]
[Black "Sadeghi, Mohamed Ali"]
[Result "1-0"]
[WhiteElo "2233"]
[BlackElo "2179"]
[PlyCount "65"]
[EventDate "2006.01.24"]
[EventType "swiss"]
[EventRounds "9"]
[EventCountry "IRI"]
[SourceTitle "CBM 110 Extra"]
[Source "ChessBase"]
[SourceDate "2006.03.10"]
[SourceVersion "2"]
[SourceVersionDate "2006.03.10"]
[SourceQuality "1"]

1. e4 c5 2. Nc3 Nc6 3. Bb5 g6 4. f4 Bg7 5. Nf3 e6 6. e5 d5 7. exd6 Qxd6 8. Ne4 Qxf4 9. Bxc6+ bxc6 10. d3 Qc7 11. 0-0 h6 12. Be3 f5 13. Nxc5 Ne7 14. d4 0-0 15. Ne5 Rb8 16. b3 Rb5 17. Ncd3 c5 18. c4 cxd4 19. cxb5 dxe3 20. Rc1 Qd6 21. Nc4 Qd4 22. Qe2 Nd5 23. Kh1 f4 24. Ne1 Nc3 25. Qc2 Bb7 26. Qxg6 e2 27. Rg1 Ne4 28. h3 Ng3+ 29. Kh2 Nf1+ 30. Kh1 Ng3+ 31. Kh2 Kh8 32. Nd2 f3 33. Nexf3 1-0

[Event "Fajr op 13th"]
[Site "Tehran"]
[Date "2005.02.01"]
[Round "9"]
[White "Sadeghi, Mohamed Ali"]
[Black "Bajarani, Ilgar"]
[Result "1-0"]
[WhiteElo "2197"]
[BlackElo "2333"]
[PlyCount "39"]
[EventDate "2005.01.04"]
[EventType "swiss"]
[EventRounds "9"]
[EventCountry "IRI"]
[SourceTitle "CBM 104 Extra"]
[Source "ChessBase"]
[SourceDate "2005.03.01"]
[SourceVersion "1"]
[SourceVersionDate "2005.03.01"]
[SourceQuality "1"]

1. e4 Nf6 2. Nc3 d6 3. d4 e5 4. Nf3 Nbd7 5. Bc4 Be7 6. Ng5 0-0 7. Bxf7+ Rxf7 8. Ne6 Qe8 9. Nxc7 Qd8 10. Nxa8 exd4 11. Qxd4 d5 12. Nxd5 Bc5 13. Nxf6+ Rxf6 14. Qd5+ Kh8 15. 0-0 Qf8 16. Be3 Rg6 17. e5 b6 18. Rad1 Nxe5 19. Bxc5 bxc5 20. Qxe5 1-0

[Event "Fajr op 13th"]
[Site "Tehran"]
[Date "2005.01.30"]
[Round "6"]
[White "Sadeghi, Mohamed Ali"]
[Black "Babujian, Levon"]
[Result "1-0"]
[WhiteElo "2197"]
[BlackElo "2362"]
[PlyCount "69"]
[EventDate "2005.01.04"]
[EventType "swiss"]
[EventRounds "9"]
[EventCountry "IRI"]
[SourceTitle "CBM 104 Extra"]
[Source "ChessBase"]
[SourceDate "2005.03.01"]
[SourceVersion "1"]
[SourceVersionDate "2005.03.01"]
[SourceQuality "1"]

1. c4 c5 2. Nc3 g6 3. g3 Bg7 4. Bg2 Nc6 5. e3 e5 6. Nge2 Nge7 7. 0-0 0-0 8. d3 d6 9. h3 Be6 10. Nd5 Rb8 11. Nec3 Nf5 12. Rb1 a6 13. Bd2 b5 14. cxb5 axb5 15. b4 Qd7 16. Kh2 cxb4 17. Nxb4 Nxb4 18. Rxb4 d5 19. Qb1 d4 20. exd4 Nxd4 21. a4 Bxh3 22. Rxd4 Qxd4 23. Bxh3 bxa4 24. Qa2 Qxd3 25. Rd1 Qf3 26. Be3 Rb3 27. Rc1 e4 28. Nd5 Rb2 29. Qxa4 Be5 30. Kg1 f5 31. Qd7 Bg7 32. Bg2 Qg4 33. Bf1 Rf7 34. Ne7+ Kh8 35. Rc8+ 1-0

[Event "Fajr op 11th"]
[Site "Tehran"]
[Date "2003.03.02"]
[Round "5"]
[White "Sadeghi, Mohamed Ali"]
[Black "Abbasi, Rania"]
[Result "1/2-1/2"]
[WhiteElo "2228"]
[BlackElo "2040"]
[PlyCount "72"]
[EventDate "2003.02.27"]
[EventType "swiss"]
[EventRounds "9"]
[EventCountry "IRI"]
[SourceTitle "CBM 093 Extra"]
[Source "ChessBase"]
[SourceDate "2003.05.09"]
[SourceVersion "1"]
[SourceVersionDate "2003.05.09"]
[SourceQuality "1"]

1. e4 e5 2. Nf3 Nc6 3. Nc3 Nf6 4. Bc4 Nxe4 5. 0-0 Nxc3 6. dxc3 Be7 7. Qd5 0-0 8. Nxe5 Nxe5 9. Qxe5 Bf6 10. Qg3 d5 11. Bd3 c6 12. Be3 Be6 13. Rae1 Qd7 14. Bd4 Bxd4 15. cxd4 Bf5 16. Re5 Bxd3 17. Qxd3 Rae8 18. Rfe1 f6 19. R5e3 Rxe3 20. Qxe3 Kf7 21. Qf3 Re8 22. Re3 Rxe3 23. fxe3 Qe6 24. Kf2 g6 25. Qf4 g5 26. Qc7+ Kg6 27. Qxb7 Qf5+ 28. Kg3 Qe4 29. Qb3 f5 30. Kf2 Qh4+ 31. Kf1 Qxh2 32. Qb7 Qh1+ 33. Kf2 Qh4+ 34. Kf1 Qh1+ 35. Kf2 Qh4+ 36. Kf1 Qh1+ 1/2-1/2

[Event "IRI-ch13"]
[Site "Tehran"]
[Date "2002.07.29"]
[Round "2"]
[White "Sadeghi, Mohamed Ali"]
[Black "Ghane Gardeh, Shojaat"]
[Result "0-1"]
[WhiteElo "2204"]
[BlackElo "2423"]
[PlyCount "80"]
[EventDate "2002.07.28"]
[EventType "swiss"]
[EventRounds "9"]
[EventCountry "IRI"]
[SourceTitle "CBM 089 Extra"]
[Source "ChessBase"]
[SourceDate "2002.09.10"]
[SourceVersion "2"]
[SourceVersionDate "2002.09.10"]
[SourceQuality "1"]

1. c4 e6 2. Nf3 d5 3. d4 Nf6 4. g3 Be7 5. Bg2 0-0 6. 0-0 c6 7. Nbd2 Nbd7 8. Qc2 b6 9. Re1 Bb7 10. b3 Rc8 11. e4 a5 12. Bb2 Bb4 13. e5 Ne8 14. h4 Be7 15. Red1 Nc7 16. Nh2 Re8 17. f4 f6 18. f5 exf5 19. Qxf5 g6 20. Qb1 f5 21. h5 Nf8 22. Bh3 Bb4 23. Nhf3 Nce6 24. hxg6 hxg6 25. a3 Bxd2 26. Rxd2 Rc7 27. Rh2 a4 28. Kg2 axb3 29. Bxf5 gxf5 30. Qxf5 Nh7 31. Rah1 Nef8 32. Rh4 Bc8 33. Qd3 dxc4 34. Qxc4+ Qd5 35. Qd3 Ree7 36. Bc1 c5 37. Bh6 Bb7 38. Rg4+ Rg7 39. Bxg7 Rxg7 40. Rf4 Ne6 0-1